| 000 | 00670nam a2200217Ia 4500 | ||
|---|---|---|---|
| 003 | GCL | ||
| 008 | 140319s9999 xx 000 0 ara d | ||
| 040 |
_aGCL / _cGCL |
||
| 082 | 0 | 4 |
_a324.21 _bم د |
| 100 | 1 | _aمحمد كمال القاضى | |
| 245 | 1 | 0 |
_aالدعاية الانتخابية والنظام البرلمانى المصرى / _cمحمد كمال القاضى |
| 260 |
_a[S.N] : _bمكتبة مدبولى ، _c1987 |
||
| 300 | _a209 | ||
| 490 | _a | ||
| 650 | 0 | 4 | _aمصر |
| 650 | 0 | 4 | _aالانتخابات |
| 650 | 0 | 4 | _aمجلس الشعب |
| 650 | 0 | 4 | _aمجلس الشورى |
| 650 | 0 | 4 | _aالانتخابات المحلية |
| 942 |
_2ddc _cBK |
||
| 999 |
_c31116 _d31116 |
||